000 00587nam a2200217 4500
005 20241001113653.0
008 241001b |||||||| |||| 00| 0 eng d
020 _aX
_c[n.p.]
040 _aMAIN
082 _a615.19
_bJ989S
100 _aJyoti
245 _aSynthesis of pharmaceutically significant organic compounds using greener procedures
260 _bDept. of Chemistry, M D University, Rohtak
_c2024
300 _aii, 227
650 _aPharmacy
650 _aPharmaceutically
650 _aOrganic Compounds
700 _aJakhar, Komal
942 _cTH
999 _c357370
_d357370